Central Library || Chittagong University

Covid 19 and bangladesh : (Record no. 111612)

MARC details
000 -LEADER
fixed length control field 00566nam a22001817a 4500
003 - CONTROL NUMBER IDENTIFIER
control field BD-ChCU
005 - DATE AND TIME OF LATEST TRANSACTION
control field 20260216095402.0
008 - FIXED-LENGTH DATA ELEMENTS--GENERAL INFORMATION
fixed length control field 260216b bg ||||| |||| 00| 0 eng d
020 ## - INTERNATIONAL STANDARD BOOK NUMBER
International Standard Book Number 9789845062961
040 ## - CATALOGING SOURCE
Transcribing agency BD-ChCU
082 ## - DEWEY DECIMAL CLASSIFICATION NUMBER
Edition number 23
Classification number R616.241095492 C873
100 ## - MAIN ENTRY--PERSONAL NAME
Personal name Titumir, Rashed Al Mahamud
Relator term Editor
9 (RLIN) 20330
245 ## - TITLE STATEMENT
Title Covid 19 and bangladesh :
Remainder of title response, rights and resilience/
Statement of responsibility, etc. Edited by Rashed Al Mahmud Titumir
260 ## - PUBLICATION, DISTRIBUTION, ETC.
Place of publication, distribution, etc. Dhaka :
Name of publisher, distributor, etc. University Press
Date of publication, distribution, etc. 2021
300 ## - PHYSICAL DESCRIPTION
Extent 138 P. :
650 #0 - SUBJECT ADDED ENTRY--TOPICAL TERM
9 (RLIN) 672
Topical term or geographic name entry element Epidemics, Covid 19.
942 ## - ADDED ENTRY ELEMENTS (KOHA)
Source of classification or shelving scheme Dewey Decimal Classification
Koha item type Books
Suppress in OPAC No
Holdings
Withdrawn status Lost status Source of classification or shelving scheme Damaged status Not for loan Home library Current library Shelving location Date acquired Source of acquisition Total Checkouts Full call number Barcode Date last seen Copy number Price effective from Koha item type
    Dewey Decimal Classification     Chittagong University Library Chittagong University Library Science Reading Room 02/16/2026 purchase   R616.241095492 C873 342137 02/16/2026 1 02/16/2026 Books
    Dewey Decimal Classification     Chittagong University Library Chittagong University Library Science Reading Room 02/16/2026 purchase   R616.241095492 C873 342138 02/16/2026 2 02/16/2026 Books
© Copyright 2026. Chittagong University Library, Installation and Maintenance by Prof. Dr. Md. Alamgir, 01711306253